Yeni anayasa üzerine öneriler (Kayıt no. 10543)

MARC ayrıntıları
000 -BAŞLIK
Sabit Uzunlukta Kontrol Alanı 00703na a2200241 4500
001 - KONTROL NUMARASI
Denetim Alanı 23978
003 - KONTROL NUMARASI IDENTIFIER
Denetim Alanı MIRAKIL
005 - SON İŞLEM TARİHİ VE ZAMANI
Denetim Alanı 20181213155325.0
008 - SABİT-BOY VERİ ELEMANLARI - GENEL BİLGİLER
Sabit Uzunlukta Kontrol Alanı 180205b tu 000 0
040 ## - KATALOGLAMA KAYNAK
Orijinal Kataloglama Ajansı Milas
Kataloglama Dili tur
Metne Dönüştürmek Ajansı TR-AnCHP
041 ## - DİL KODU
Metin / Ses Parça Veya Ayrı Başlığın Dil Kodu tur
082 ## - DEWEY ONLU SINIFLANDIRMA NUMARASI
Sınıflandırma Numarası 342.02
Ürün Numarası Y35 [t.y.]
090 ## - SINIFLAMA NUMARASI
Sınıflama Numarası 342.02 Y35 [t.y.]
245 ## - BAŞLIK TABLOSU
Başlık Yeni anayasa üzerine öneriler
Sorumluluk Tablosu, Vb editörler Aydın İpek, Alptekin Aktalay
260 ## - YAYIN, DAĞITIM, VB
Yayın, Dağıtım, Vb Yeri Gaziantep
Yayıncı, Dağıtıcı, Vs Adı Zirve Üniversitesi
Yayın, Dağıtım, Vb Tarihi [t.y.]
300 ## - FİZİKSEL TANIM
Kapsam 73 s.
Boyutlar 29 sm.
650 ## - KONU KATMA GİRİŞ - TOPİKAL DÖNEM
Topikal Süreli Veya Coğrafi Ad Giriş Elemanı Yeni Anayasa
Genel Alt Bölümü Öneriler
Coğrafi Alt Bölümü Türkiye
650 ## - KONU KATMA GİRİŞ - TOPİKAL DÖNEM
Topikal Süreli Veya Coğrafi Ad Giriş Elemanı Anayasa hukuku
Genel Alt Bölümü Türkiye
700 ## - KATMA GİRİŞ - KİŞİSEL İSİM
Kişisel Ad Aktalay, Alptekin
Relator Terim ed.
700 ## - KATMA GİRİŞ - KİŞİSEL İSİM
Kişisel Ad İpek, Aydın
Relator Terim ed.
710 ## - KATMA GİRİŞ - KURUMSAL ADI
Giriş Elemanı Olarak Kurumsal Ad Veya Yargı Alanı Adı Zirve Üniversitesi
942 ## - EKLENDİ GİRİŞ ELEMANLARI (KOHA)
Sınıflandırma Veya Raf Düzeni Kaynak Dewey Decimal Classification
Koha Öğesi Türü Kitaplar
999 ## - SİSTEM KONTROL NUMARALARI (KOHA)
Koha Biblionumber 10543
Koha Biblioitemnumber 10543
Mevcut
Kalıcı Konum Mevcut Konum Edinme Tarihi Edinim Kaynak Toplam Check-Out'Lar Tam Çağrı Numarası Barkod Tarih Son Görülme İtibaren Geçerli Fiyatlar Koha Öğesi Türü
CHP Kütüphanesi CHP Kütüphanesi 02/05/2018 Bağış   342.02 Y35 [t.y.] 017972 02/05/2018 02/05/2018 Kitaplar